00910nam a2200229 a 4500001001000000003000900010005001700019008002900036020001800065040002500083082002600108100002800134245014100162260006000303300002100363490004000384504007000424504003100494651004400525651004800569651006300617000038255DO-SdBNP20230712131305.0130405s2012 dr 000 0 spa d a9789945074673 aDO-SdBNPbspacBPMSU a972.9bA473c 20122221 aÁlvarez López, Luis10aCinco ensayos sobre el Caribe hispano en el siglo XIX :bRepública Dominicana, Cuba y Puerto Rico 1861-1898 /cLuis Álvarez López. aSanto Domingo :bArchivo General de la Nación,c2012. a218 p. ;c24 cm.1 aArchivo General de la Naciónv175 aIncluye referencias bibliográficas y notas al pie de páginas. aBibliografía: p.197-205. 4aCaribe (Región)xHistoriaySiglo XIX  4aRepública DominicanaxHistoriay1844-1930 4aRepública DominicanaxHistoriayRestauración 1863-1865